000
00244nam a22001217a 4500
008
190226b xxu||||| |||| 00| 0 eng d
041
_a
eng
080
_a
371
100
_a
46
101
_a
EDU
245
_a
Reading Tactics
942
_2
udc
_c
BK
999
_c
54264
_d
54264